000 00989nam a2200229Ia 4500
999 _c39907
_d39907
001 6512
003 GE_BSU
005 20191119121739.0
008 181216s1970||||ge |||||||||||||| ||geo||
040 _cGE_BSU
041 _ageo
080 _a821.353.1-1 გ-12
100 _aგაბესკირია, ვიქტორ
_95430
245 _aთხზულებანი ტომი 1 :
_bთხზულებანი სამ ტომად /
_cვიქტორ გაბესკირია ; რედ. კ. კაკალაძე ; ა. გაბესკირია.
264 _aთბილისი :
_bმერანი,
_c1970.
300 _a422 გვ. :
_bფოტო ;
_c22 სმ.
653 _aთხზულებანი
653 _aლექსები
700 _aკაკალაძე, კ.
_eრედაქტორი
_95431
700 _aგაბესკირია, ა.
_eრედაქტორი
_93757
942 _cBK
_2udc